La poesía de la guerra de España / (Registro nro. 11157)

Detalles MARC
000 -LIDER
fixed length control field 00756nam a22002657a 4500
001 - NÚMERO DE CONTROL
Identificador de número de control 001136
003 - IDENTIFICACDOR DE NÚMERO DE CONTROL
control field DO-SdBNP
005 - DATE AND TIME OF LATEST TRANSACTION
control field 20240411133401.0
007 - CAMPOS FIJOS DE DESCRIPCIÓN FÍSICA
fixed length control field 001136
008 - ELEMENTOS DE LONGITUD FIJA
fixed length control field 160812b1985 sp ||| 00| 0 spa d
020 ## - ISBN
International Standard Book Number 8470394452
040 ## - FUENTE DE CATALOGACIÓN
Agencia que crea de manera original el registro BPMSU
Idioma de catalogación spa
Agencia que realiza la transcripción BPMSU
082 #4 - NÚMERO DE CLASIFICACIÓN DECIMAL DE DEWEY
Classification number 861.09
Item number S161p 1995
Edition number 22
100 1# - ASIENTO PRINCIPAL -- NOMBRE PERSONAL
Nombre personal Salaün, Serge
243 ## - COLLECTIVE UNIFORM TITLE
Clave musical
245 13 - MENCIÓN DE TITULO
Título La poesía de la guerra de España /
Mención de responsabilidad Serge Salaün
260 ## - PUBLICACIÓN, DISTRIBUCIÓN, ETC. (PIE DE IMPRENTA)
Lugar de publicación, distribución, etc Madrid :
Nombre del editor, distribuidor, etc. Castalia,
Fecha de publicación, distribución, etc 1985.
300 ## - DESCRIPCIÓN FÍSICA
Extensión 413 p. ;
Dimensiones 20 cm.
500 ## - NOTA GENERAL
Nota general Incluye índice onomástico
504 ## - NOTA DE BIBLIOGRAFÍA, ETC.
Bibliography, etc Bibliografías : p. 385-397
650 #4 - ENCABEZAMIENTO DE MATERIA--TEMÁTICO
Término temático o nombre geográfico como elemento de entrada Poesía española
Subdivisión temática general Historia y crítica
651 #4 - ENCABEZAMIENTO DE MATERIA--NOMBRE GEOGRÁFICO
Nombre geográfico España
Subdivisión temática general Guerra civil
-- Historia
910 ## - VALIDACIÓN
Validación VMateo V. Control de calidad. BPMSU
942 ## - ADDED ENTRY ELEMENTS (KOHA)
Source of classification or shelving scheme Dewey Decimal Classification
Koha item type Libros
Existencias
Withdrawn status Lost status Source of classification or shelving scheme Damaged status Not for loan Collection code Home library Current library Date acquired Source of acquisition Total Checkouts Full call number Barcode Date last seen Price effective from Koha item type
    Dewey Decimal Classification     Colección General Biblioteca Pública Metropolitana Salomé Ureña Biblioteca Pública Metropolitana Salomé Ureña 08/12/2016   BPMSU CG 861.09 S161p 1995 BPMSU16080180 08/12/2016 08/12/2016 Libros